000 00677nam a2200157 a 4500
001 000046164
005 20201002052659.0
008 150630s2004 dr ac 000 0 spa d
040 _aDO-SdBNP
_bspa
_cBNPHU
082 _axxxx
_bxxxx
100 1 _aAbreu, Oscar
_974205
245 1 0 _aHuellas :
_bla invención de lo visible /
_cOscar Abreu ; texto Marianne de Tolentino, Abil Peralta Agüero, Odalís G. Peréz.
260 _aSanto Domingo :
_bMuseo del Hombre Dominicano,
_c2004.
300 _a64 p. :
_bil., retrs. ;
_c23 cm.
500 _aPublicado conjuntamente con una exposición en el Museo del Hombre Dominicano, 04 al 20, 2004. "7ma Exposición individuo:. Pintura-escultura."
999 _c45653
_d45653